000 00612nam a22002177a 4500
003 OSt
005 20141028100400.0
008 141009b xxu||||| |||| 00| 0 eng d
020 _a84-8088-664-1
040 _cBMC
082 _a658.151
082 _a332.632
100 1 _aFernández, Pablo
_96038
245 1 0 _aValoración de empresas
_b: cómo medir y gestionar la creación de valor
_cPablo Fernández
250 _a2ª ed. rev. y amp
260 _aBarcelona
_bGestión 2000
_ccop. 2001
300 _a705 p.
_c26 cm.
650 2 4 _aEmpresas
_92331
650 2 4 _aCreación de valor
_95752
942 _2ddc
_cBK
999 _c14531
_d14531